| 000 | 00860nam a2200241 a 4500 | ||
|---|---|---|---|
| 005 | 20090907114544.0 | ||
| 008 | 060731s1999 nyua b 000 0 eng d | ||
| 010 | _aB-357075 | ||
| 020 |
_c60.00 _a9788126418893 |
||
| 035 | _aB-357075 | ||
| 037 | _bDBAD / PUB | ||
| 040 |
_adpl _bEnglish |
||
| 082 | _aS | ||
| 100 | _aJacob, Litta | ||
| 245 |
_aAndersen's Thumbelina finds her true love / _cretold by Litta Jacob; illustrated by K.R. Raji |
||
| 260 |
_aKerala _bDC Books _c2008 |
||
| 270 |
_aDC Kizhakemuri Edam, Good Shepherd Street, Kottayam _bKerala _e686001 |
||
| 300 |
_a29p.: _c22cm(pbk) _bcol. ill |
||
| 650 | _2Fairy tales | ||
| 700 | _aRaji, K.R. | ||
| 942 |
_2ddc _cCH _mJAC _hS |
||
| 999 |
_c30113 _d30113 |
||